00678nam a22001937a 4500999001900000005001700019010001500036020002700051035001400078037001300092082001000105100001900115245005800134260004900192270007600241300002100317942002400338952012200362 c189846d18984620220713160434.0 aENG-133583 a9789381039229c1675.00 aEN-117065 bDBAD/PUB a664.8 aPanda ,Himadri aFruits, Vegetables And Food ProcessingcHimadri Panda aNew DelhibNiip Project Consultancy Services bNew Delhia106-E Kamla Nagar e110007k8800733955mnpcs.india@gmail.com a637p.c21cm(pbk) 2ddccENh664.8mPAN 001040708NFICaBNbBNd2022-07-13eDBAD/PUBg1675.00l0o664.8 PANpEN-117065r2022-07-13 00:00:00t1v1675.00yEN